[Event "Cancan Veterans-Women"]
[Site "Roquebrune"]
[Date "1998.09.16"]
[Round "9"]
[White "Kortschnoj, Viktor"]
[Black "Chiburdanidze, Maia"]
[Result "1/2-1/2"]
[WhiteElo "2625"]
[BlackElo "2525"]

1.c4 e5 2.Nc3 Bb4 3.Nd5 Be7 4.d4 d6 5.g3 Nf6 6.Bg2 O-O 7.Nxe7+ Qxe7 8.d5 c6
9.e4 b5 10.cxb5 cxd5 11.exd5 a6 12.b6 Nbd7 13.Ne2 Nxb6 14.O-O Bg4 15.Re1 Qd7
16.Bg5 Ne8 17.Rc1 f5 18.Qb3 Nc8 19.Rc4 h6 20.Be3 Ne7 21.Nc3 Nf6 22.Rb4 Ng6
23.f3 Bh5 24.Rb7 Qe8 25.Bf2 Rb8 26.h3 Ne7 27.f4 e4 28.Bd4 Rxb7 29.Qxb7 Qf7
30.Qxa6 Nexd5 31.Qxd6 Nxc3 32.Bxc3 Qxa2 33.Bf1 Qd5 34.Qc7 Bf7 35.Qb6 Qd8
36.Qc5 Qc8 37.Qa5 Nd5 38.Bd4 Qc2 39.Qa7 Qd2 40.Re2 Qd1 41.Bf2 Re8 42.Qd4 Qb3
43.Bg2 Qb5  1/2-1/2

[Event "Cancan Veterans-Women"]
[Site "Roquebrune"]
[Date "1998.09.17"]
[Round "10"]
[White "Chiburdanidze, Maia"]
[Black "Taimanov, Mark E"]
[Result "1-0"]
[WhiteElo "2525"]
[BlackElo "2455"]

1.d4 Nf6 2.c4 e6 3.Nc3 Bb4 4.e3 d5 5.a3 Bxc3+ 6.bxc3 c5 7.cxd5 exd5 8.Bd3 O-O
9.Ne2 b6 10.O-O Ba6 11.Bxa6 Nxa6 12.Qd3 Qc8 13.f3 Qb7 14.Bd2 Rfe8 15.g4 Nc7
16.Ng3 Qa6 17.Qxa6 Nxa6 18.a4 Nb8 19.a5 Nc6 20.axb6 axb6 21.Rfb1 Nd7 22.Kf2 g6
23.Ne2 g5 24.h4 f6 25.hxg5 fxg5 26.Ng3 Na5 27.e4 dxe4 28.Nxe4 h6 29.dxc5 bxc5
30.Ra4 Nc6 31.Rxa8 Rxa8 32.Rb7 Nce5 33.Kg3 Ra1 34.Be3 Rd1 35.Rc7 Rf1 36.Bf2 Rc1
37.Bxc5 Nxc5 38.Nf6+ Kf8 39.Rxc5 Nd3 40.Rc8+ Kf7 41.Nh5 Rg1+ 42.Kh2 Rc1 43.Rc7+ Ke6
44.Rc6+ Ke7 45.Kg2 Ne5 46.Rxh6 Rc2+ 47.Kg3 Rxc3 48.Rf6 Nf7 49.Rf5 Re3 50.Rb5 Ne5
51.Kf2 Nc4 52.Rxg5 Ra3 53.Rf5 Nd6 54.Re5+ Kf7 55.Re3 Ra4 56.Kg3 Rb4 57.Nf4 Ne8
58.Re5 Ng7 59.Re7+ Kf8 60.Ng6+ Kg8 61.Ne5 Ra4 62.f4  1-0

[Event "Cancan Veterans-Women"]
[Site "Roquebrune"]
[Date "1998.09.18"]
[Round "11"]
[White "Smyslov, Vassily"]
[Black "Chiburdanidze, Maia"]
[Result "1/2-1/2"]
[WhiteElo "2500"]
[BlackElo "2525"]

1.d4 Nf6 2.Nf3 e6 3.c4 b6 4.Nc3 Bb4 5.Bd2 Bb7 6.e3 O-O 7.Bd3 d6 8.a3 Bxc3
9.Bxc3 Ne4 10.Bxe4 Bxe4 11.O-O Nd7 12.Qe2 Qe7 13.b4 c5  1/2-1/2

[Event "Flamenco Veterans-Women"]
[Site "Marbella"]
[Date "1999.10.21"]
[Round "1"]
[White "Hort, Vlastimil"]
[Black "Chiburdanidze, Maia"]
[Result "1-0"]
[WhiteElo "2535"]
[BlackElo "2551"]

1.e4 c6 2.d4 d5 3.e5 Bf5 4.Nf3 e6 5.Be2 c5 6.Be3 cxd4 7.Nxd4 Ne7 8.f4 Bg6
9.Nc3 Nbc6 10.Ncb5 Nxd4 11.Nxd4 Nc6 12.c3 Be7 13.O-O O-O 14.b4 a6 15.Qd2 Nxd4
16.Bxd4 Be4 17.Qe3 Rc8 18.a3 Qe8 19.c4 f6 20.c5 fxe5 21.Bxe5 Bf6 22.Bxf6 Rxf6
23.Bf3 Bxf3 24.Rxf3 a5 25.Re1 axb4 26.axb4 Qb5 27.Qd4 b6 28.Rc3 bxc5 29.Rxc5 Rxc5
30.bxc5 Qc6 31.Rb1 Rf8 32.g3 Rc8 33.Rc1 Ra8 34.Qe5 Ra2 35.Qd6 Ra6 36.Qxc6 Rxc6
37.Kf2 Kf7 38.Ke3 Ke7 39.Kd4 Ra6 40.c6 Kd8 41.c7+ Kc8 42.Ke5 h5 43.Rc5 Rb6
44.h3 Ra6 45.g4 hxg4 46.hxg4 Ra4 47.Rc6 Re4+ 48.Kd6 Rc4 49.Ra6 Rxc7 50.Kxe6 Rc4
51.Ke5 Re4+ 52.Kf5 Kd8 53.Rd6+ Ke7 54.Rxd5 Ra4 55.Kg6 Rxf4 56.g5 Kf8 57.Rd8+ Ke7
58.Rd5 Kf8 59.Rd8+ Ke7 60.Rg8 Rg4 61.Rxg7+ Kf8 62.Rf7+ Kg8 63.Ra7 Kf8 64.Ra8+ Ke7
65.Rg8 Rg1 66.Kh7 Rh1+ 67.Kg7 Rg1 68.g6 Rg2 69.Ra8 Rh2 70.Ra1 Rg2 71.Re1+ Kd7
72.Kf7 Rf2+ 73.Kg8 Rg2 74.g7 Rg3 75.Rh1  1-0

[Event "Flamenco Veterans-Women"]
[Site "Marbella"]
[Date "1999.10.22"]
[Round "2"]
[White "Chiburdanidze, Maia"]
[Black "Smyslov, Vassily"]
[Result "1-0"]
[WhiteElo "2551"]
[BlackElo "2485"]

1.d4 d5 2.c4 c6 3.e3 Nf6 4.Nf3 g6 5.Nc3 Bg7 6.Bd3 O-O 7.h3 b6 8.O-O Bb7 9.Qe2 Nbd7
10.Rd1 Qc7 11.Bd2 dxc4 12.Bxc4 e5 13.Rac1 exd4 14.exd4 Rae8 15.Qd3 Qb8 16.Be3 Rd8
17.Qd2 b5 18.Bf4 Qa8 19.Be2 Nb6 20.Be5 b4 21.Nb1 Nfd5 22.Bxg7 Kxg7 23.Ne5 a5
24.Bf3 Rfe8 25.Ng4 Bc8 26.Qh6+ Kg8 27.Ne5 Rd6 28.Nd2 Rde6 29.Nb3 f6 30.Nd3 R6e7
31.Rc5 a4 32.Na5 Bf5 33.Nxc6 Rd7 34.Ncxb4 Qd8 35.Qd2 Bxd3 36.Nxd5 Nxd5  1-0

[Event "Flamenco Veterans-Women"]
[Site "Marbella"]
[Date "1999.10.23"]
[Round "3"]
[White "Kortschnoj, Viktor"]
[Black "Chiburdanidze, Maia"]
[Result "1/2-1/2"]
[WhiteElo "2676"]
[BlackElo "2551"]

1.d4 Nf6 2.c4 e6 3.Nc3 d5 4.Bg5 Be7 5.e3 O-O 6.Qc2 h6 7.Bh4 c5 8.dxc5 dxc4
9.Bxc4 Qa5 10.Nf3 Qxc5 11.Bd3 Nc6 12.a3 Bd7 13.Rd1 Rfd8 14.b4 Qh5 15.h3 Ne5
16.Nxe5 Qxh4 17.Nf3 Qh5 18.Rh2 Bc6 19.g4 Nxg4 20.hxg4 Qxg4 21.Bh7+ Kf8 22.Rxd8+ Rxd8
23.Be4 Bxe4 24.Qxe4 Qxe4 25.Nxe4 Rd3 26.Ke2 Rxa3 27.b5 Ra5 28.Nd4 e5 29.Nf5 Rxb5
30.Rh1 g6 31.Nxe7 Kxe7 32.Rxh6 Rb2+ 33.Kd3 a5 34.Rh8 b5 35.Ra8 f5 36.Ra7+ Ke6
37.Ng5+ Kd5 38.Rxa5 e4+ 39.Kc3 Rxf2 40.Rxb5+ Kc6 41.Ra5 f4 42.Nh3 Rf3 43.Nxf4 Rxe3+
44.Kd4 Re1 45.Nd5 Rd1+ 46.Kxe4 Re1+ 47.Ne3 Rg1 48.Kd4 Kd7 49.Ra6 Ke7 50.Ke4 Kf7
51.Kf4 Rb1 52.Ke5 Rb5+ 53.Nd5 Kg7 54.Ra1 Rb7 55.Ke6 Rf7 56.Ra2 Rf1 57.Ra7+ Kh6
58.Ke5 Re1+ 59.Kf4 Rf1+ 60.Ke4 Rb1 61.Ra6 Re1+ 62.Ne3 Rb1 63.Ng4+ Kh5 64.Ne5 Re1+
65.Kd4 Rd1+ 66.Kc3 Rg1 67.Kd3 Kh6 68.Ke2 Kg7 69.Kf2 Rg5 70.Ra7+ Kf6 71.Nd7+ Kg7
72.Nc5+ Kh6 73.Ne6 Rf5+ 74.Kg3 Rf1 75.Ra2 Rg1+ 76.Kf3 Rf1+ 77.Ke4 Rf5 78.Nf4 Rb5
79.Rg2 Rb6 80.Ke5 Kg7 81.Ne6+ Kf7 82.Rf2+ Ke7 83.Nc7 Rb1 84.Nd5+ Ke8 85.Kd6 Rd1
86.Rf6 g5 87.Rf5 g4 88.Rg5 Rg1 89.Nf6+ Kf7 90.Nxg4 Rd1+ 91.Ke5 Re1+ 92.Kf5 Rf1+
93.Ke4 Re1+ 94.Ne3 Kf6 95.Ra5 Rb1 96.Ng4+ Kg6 97.Ne5+ Kf6 98.Ra6+ Ke7 99.Nc6+ Kf7
100.Nd4 Re1+ 101.Kf4 Rf1+ 102.Nf3 Ke7 103.Ke4 Rb1 104.Ke5 Rb5+ 105.Kf4 Rb4+
106.Kf5 Rb1 107.Ng5 Rb5+ 108.Kf4 Kd7 109.Ne4 Kc7 110.Rh6 Rb6 111.Rh7+ Kc6
112.Ke5 Rb5+ 113.Ke6 Rb1 114.Rh5 Re1 115.Rc5+ Kb6 116.Rc4 Kb5 117.Rd4 Rh1
118.Nd6+ Kb6 119.Rc4 Rh6+ 120.Kd5 Rh5+ 121.Kd4 Rh4+ 122.Ne4 Kb5 123.Rc1 Kb6
124.Kd5 Rh5+ 125.Ke6 Rh6+ 126.Nf6 Kb5 127.Ke5 Rh2 128.Ne4 Rh5+ 129.Kd4 Kb6
130.Nf6 Rh4+ 131.Kd5 Rh6 132.Nd7+ Kb7 133.Nc5+ Kc7 134.Ne6+ Kb6 135.Rb1+ Ka5
136.Kc5 Rh5+ 137.Kc4 Rh4+ 138.Nd4 Ka6 139.Kc5 Rh5+ 140.Kd6 Rh6+ 141.Ne6 Ka5
142.Rb8 Ka4 143.Kd5 Ka3 144.Nd4 Rh5+ 145.Kc4 Rh4 146.Kc3 Rh3+ 147.Kd2 Rh2+
148.Ne2 Ka4 149.Kd3 Ka5  1/2-1/2

[Event "Flamenco Veterans-Women"]
[Site "Marbella"]
[Date "1999.10.24"]
[Round "4"]
[White "Chiburdanidze, Maia"]
[Black "Spassky, Boris V"]
[Result "1/2-1/2"]
[WhiteElo "2551"]
[BlackElo "2549"]

1.d4 d5 2.c4 e6 3.Nc3 Nf6 4.Bg5 Be7 5.e3 O-O 6.Nf3 h6 7.Bh4 b6 8.Bd3 Bb7
9.O-O Nbd7 10.Qe2 dxc4 11.Bxc4 Ne4 12.Bg3 Ndf6 13.Nxe4 Nxe4 14.Be5 Bd6 15.Rac1 Qe7
16.Bb5 c5 17.dxc5 Bxc5 18.b4 Bd6  1/2-1/2

[Event "Flamenco Veterans-Women"]
[Site "Marbella"]
[Date "1999.10.29"]
[Round "7"]
[White "Smyslov, Vassily"]
[Black "Chiburdanidze, Maia"]
[Result "1/2-1/2"]
[WhiteElo "2485"]
[BlackElo "2551"]

1.d4 Nf6 2.Nf3 e6 3.c4 b6 4.Nc3 Bb4 5.Bd2 Bb7 6.e3 Bxc3 7.Bxc3 Ne4 8.Rc1 O-O
9.Bd3 d6 10.O-O f5 11.Qe2 Nd7 12.Nd2 Nxc3 13.Rxc3 Qf6 14.f4 c5 15.Qf2 Rac8
16.Rd1 cxd4 17.exd4 e5 18.Nb3 Qg6 19.dxe5 dxe5 20.Bc2 Nf6 21.fxe5 Ng4 22.Qg3 Nxe5
23.Qxg6 hxg6 24.c5 Rfe8 25.cxb6 axb6 26.Rxc8 Rxc8 27.Nd4  1/2-1/2

[Event "Flamenco Veterans-Women"]
[Site "Marbella"]
[Date "1999.10.30"]
[Round "8"]
[White "Chiburdanidze, Maia"]
[Black "Kortschnoj, Viktor"]
[Result "1/2-1/2"]
[WhiteElo "2551"]
[BlackElo "2676"]

1.d4 Nf6 2.c4 e6 3.Nf3 b6 4.e3 Bb7 5.Bd3 d5 6.O-O dxc4 7.Bxc4 a6 8.Qe2 Nbd7
9.a4 Bd6 10.Nc3 O-O 11.e4 e5 12.Bg5 exd4 13.Nxd4 Qe8 14.Rfe1 Qe5 15.Nf3 Qa5
16.Bxf6 Nxf6 17.e5 Rae8 18.Qd3 Bxf3 19.exd6 Bb7 20.dxc7 Rc8 21.Re7 b5 22.Bd5 Nxd5
23.Nxd5 bxa4 24.Rd1 h6 25.Qc3 Qb5 26.Ne3 a5 27.Rd5 Qb3 28.Qxb3 axb3 29.Rb5 Bc6
30.Rxa5 Ra8 31.Nc4 Bb5 32.Rxa8 Rxa8 33.Na3 Kf8 34.Re5 Bd7 35.h4 Be6 36.f4 Ke7
37.Nb5 Kd7 38.Rc5 Ke7 39.f5 Bd7 40.Nd4 Kd6 41.Nxb3 Rc8 42.Kf2 Ba4 43.Rc3 Bxb3
44.Rxb3 Rxc7 45.Re3 Rc4 46.g3 Rc2+ 47.Re2 Rc5 48.g4 Rb5 49.Kf3 Rb3+ 50.Kf4 Rb4+
51.Kf3 Rb3+ 52.Kf4  1/2-1/2

[Event "ch-Europe Women"]
[Site "Batumi GEO"]
[Date "2000.05.27"]
[Round "1.1"]
[White "Nill,J"]
[Black "Chiburdanidze,M"]
[Result "1/2-1/2"]
[WhiteElo "2179"]
[BlackElo "2545"]

1.d4 Nf6 2.c4 e6 3.Nf3 b6 4.Nc3 Bb4 5.Bd2 Bb7 6.e3 O-O 7.Bd3 d6 8.a3 Bxc3
9.Bxc3 Nbd7 10.O-O Ne4 11.Bxe4 Bxe4 12.Qe2 Qe7 13.Rfd1 Rad8 14.Rac1 c5 15.dxc5 bxc5
16.b4 Nb6 17.Nd2 Ba8 18.e4 Na4 19.Ba1 cxb4 20.axb4 Qb7 21.Rb1 d5 22.exd5 exd5
23.Qf3 dxc4 24.Qxb7 Bxb7  1/2-1/2

[Event "ch-Europe Women"]
[Site "Batumi GEO"]
[Date "2000.05.28"]
[Round "1.2"]
[White "Chiburdanidze,M"]
[Black "Nill,J"]
[Result "1-0"]
[WhiteElo "2545"]
[BlackElo "2179"]

1.d4 d5 2.c4 c6 3.Nf3 e6 4.e3 Nf6 5.Bd3 Nbd7 6.O-O Bd6 7.Nbd2 O-O 8.e4 dxe4
9.Nxe4 Nxe4 10.Bxe4 h6 11.Bc2 Re8 12.Qd3 Nf8 13.Be3 b6 14.Rad1 Ba6 15.Qc3 Qe7
16.c5 Bc7 17.Rfe1 Red8 18.Ne5 Bxe5 19.dxe5 bxc5 20.Bxc5 Qc7 21.Bd6 Qb6 22.Rd4 Rd7
23.Rg4 Rad8 24.Qg3 g6 25.b4 Bb7 26.Qh4  1-0

[Event "ch-Europe Women"]
[Site "Batumi GEO"]
[Date "2000.05.29"]
[Round "2.1"]
[White "Lagvilava,G"]
[Black "Chiburdanidze,M"]
[Result "0-1"]
[WhiteElo "2336"]
[BlackElo "2545"]

1.e4 c5 2.d3 e6 3.Nf3 Nc6 4.g3 Be7 5.Bg2 d6 6.O-O Nf6 7.c3 Bd7 8.Nbd2 Rc8
9.Re1 O-O 10.Nf1 b5 11.d4 cxd4 12.Nxd4 a6 13.Nc2 Qc7 14.Bf4 Ne5 15.h3 Rfd8
16.Nh2 a5 17.a3 h6 18.Qe2 Nc4 19.Bc1 Be8 20.Ng4 Nxg4 21.hxg4 Bf6 22.Kh2 Nb6
23.Be3 Na4 24.Nd4 Qb8 25.Rh1 b4 26.axb4 axb4 27.c4 b3 28.Kg1 Qb4 29.Rc1 Rc5
30.Bd2 Qb8 31.Be3 Rdc8 32.Bf1 Nb6 33.g5 Bxg5 34.Bxg5 Rxg5 35.Nxb3 Na4 36.Qc2 Qb6
37.c5 Nxc5 38.Nd4 Bd7 39.Nf3 Rxg3+  0-1

[Event "ch-Europe Women"]
[Site "Batumi GEO"]
[Date "2000.05.30"]
[Round "2.2"]
[White "Chiburdanidze,M"]
[Black "Lagvilava,G"]
[Result "1-0"]
[WhiteElo "2545"]
[BlackElo "2336"]

1.d4 f5 2.Nc3 Nf6 3.Bg5 d5 4.Bxf6 exf6 5.e3 c6 6.Bd3 Na6 7.a3 Nc7 8.Qf3 g6
9.Nge2 Bd6 10.h3 Ne6 11.g4 Ng5 12.Qg2 Qe7 13.gxf5 gxf5 14.O-O-O Bd7 15.Rdg1 O-O-O
16.h4 Ne4 17.Nd1 Kb8 18.Nf4 Bxf4 19.exf4 Qd6 20.Qh2 Qf8 21.f3 Nd6 22.Rg2 Qh6
23.Rhg1 Rhe8 24.Rg7 Nc4 25.Kb1 Qh5 26.Ka2 Be6 27.Nc3 Nb6 28.Ne2 c5 29.dxc5 d4+
30.b3 Na4 31.Qf2 Nxc5 32.Nxd4 Rc8 33.Bb5 Red8 34.Nc6+ Rxc6 35.Bxc6 b6 36.Re7 Rc8
37.Qxc5  1-0

[Event "ch-Europe Women"]
[Site "Batumi GEO"]
[Date "2000.06.02"]
[Round "3.1"]
[White "Chiburdanidze,M"]
[Black "Madl,I"]
[Result "1-0"]
[WhiteElo "2545"]
[BlackElo "2408"]

1.d4 d5 2.c4 c6 3.e3 Nf6 4.Nf3 Bf5 5.Nc3 e6 6.Nh4 Bg6 7.Nxg6 hxg6 8.g3 Nbd7
9.Qe2 Be7 10.Bg2 dxc4 11.Qxc4 e5 12.O-O exd4 13.Qxd4 Qb6 14.Qc4 Ne5 15.Qe2 O-O-O
16.e4 Qb4 17.Be3 Kb8 18.Bf4 Bd6 19.Rfd1 Bc7 20.h3 a6 21.Rac1 Nfd7 22.Qc2 Rc8
23.Na4 Rhd8 24.Bd2 Qb5 25.Be3 Nf6 26.Nc3 Qc4 27.b3 Rxd1+ 28.Rxd1 Qe6 29.Ne2 Rd8
30.Nd4 Qe7 31.Qe2 c5 32.Nc2 Rxd1+ 33.Qxd1 Ned7 34.Qd3 Ne5 35.Qd2 Nc6 36.Qd3 Ne5
37.Qe2 Ned7 38.Bc1 Qe6 39.f4 Ng8 40.e5 Ne7 41.Qe4 Nc6 42.Ne3 g5 43.Qh7 gxf4
44.gxf4 Ndxe5 45.fxe5 Qxe5 46.Qg8+ Nd8 47.Nf1 b5 48.Be3 Kc8 49.Qh7 g6 50.Qh4 f5
51.Qf2 Ne6 52.Qf3 f4 53.Bf2 Ng5 54.Qb7+ Kd7 55.Qc6+  1-0

[Event "ch-Europe Women"]
[Site "Batumi GEO"]
[Date "2000.06.04"]
[Round "3.4"]
[White "Madl,I"]
[Black "Chiburdanidze,M"]
[Result "0-1"]
[WhiteElo "2408"]
[BlackElo "2545"]

1.e4 c5 2.Nf3 d6 3.d4 cxd4 4.Nxd4 Nf6 5.Nc3 Nc6 6.Bc4 e6 7.Be3 a6 8.Bb3 Qc7
9.f4 Be7 10.Qf3 Nxd4 11.Bxd4 b5 12.e5 dxe5 13.fxe5 Bb7 14.Qg3 Ne4 15.Qxg7 O-O-O
16.Rf1 Rhg8 17.Qxf7 Rxg2 18.Qxe6+ Kb8 19.O-O-O Bg5+ 20.Kb1 Nd2+ 21.Rxd2 Rxd2
22.Bb6 Qxc3 23.Bxd8 Qf3 24.Bc7+ Kxc7 25.Qf7+ Qxf7 26.Rxf7+ Rd7  0-1

[Event "ch-Europe Women"]
[Site "Batumi GEO"]
[Date "2000.06.04"]
[Round "3.3"]
[White "Chiburdanidze,M"]
[Black "Madl,I"]
[Result "1-0"]
[WhiteElo "2545"]
[BlackElo "2408"]

1.d4 d5 2.c4 c6 3.e3 Nf6 4.Nf3 Bf5 5.Nc3 e6 6.Nh4 Bg6 7.Nxg6 hxg6 8.g3 Nbd7
9.Qe2 Qa5 10.Bg2 Qa6 11.b3 Bb4 12.Bd2 Nb6 13.c5 Qxe2+ 14.Kxe2 Nbd7 15.a3 Bxc3
16.Bxc3 Ke7 17.b4 a6 18.a4 b5 19.Ra2 bxa4 20.Rxa4 Ne8 21.h4 Ndf6 22.Rha1 Nc7
23.f3 Nh5 24.Kf2 f5 25.Ra5 Ra7 26.Bf1 Rha8 27.Bd3 Nf6 28.Kg2 Kd7 29.Be1 Nb5
30.Kh3 Nc7 31.R5a2 Ke7 32.g4 fxg4+ 33.fxg4 Ne4 34.Bg3 Nxg3 35.Kxg3 g5 36.hxg5 Rb8
37.Ra4 Rab7 38.Bxa6 Rxb4 39.Rxb4 Rxb4 40.Be2 e5 41.dxe5 Re4 42.Bf3 Rxe3 43.Kf4 Rc3
44.Ra7 Kd8 45.Bd1 g6 46.e6 Nxe6+ 47.Ke5 Nxg5 48.Kf6 Ne4+ 49.Kxg6 Rxc5 50.Kf5 Rc3
51.g5 Nxg5 52.Kxg5 Re3 53.Kf4 d4 54.Bg4 Re7 55.Ra4 Kc7 56.Rxd4 Kb6 57.Bf5 Kc5
58.Rd8 Re1 59.Be4 Re2 60.Rc8 Rf2+ 61.Ke5 Kb5 62.Rxc6 Re2 63.Rc8 Re1 64.Kd4 Rd1+
65.Bd3+ Kb6 66.Rc3 Rg1 67.Be4 Rd1+ 68.Ke5 Rd2 69.Bd5 Rh2 70.Kd6 Rh6+ 71.Be6 Kb5
72.Rb3+ Ka4 73.Rb1 Rg6 74.Kd5 Rg5+ 75.Kc4 Ka5 76.Bd5 Ka6 77.Kc5 Ka7 78.Rb7+ Ka6
79.Rb8 Rg7 80.Rb2  1-0

[Event "ch-Europe Women"]
[Site "Batumi GEO"]
[Date "2000.06.07"]
[Round "4.2"]
[White "Kovalevskaya,E"]
[Black "Chiburdanidze,M"]
[Result "1-0"]
[WhiteElo "2451"]
[BlackElo "2545"]

1.e4 e6 2.d4 d5 3.Nc3 dxe4 4.Nxe4 Nd7 5.Nf3 Ngf6 6.Bg5 Be7 7.Nxf6+ Bxf6 8.Qd2 O-O
9.O-O-O Bxg5 10.Nxg5 Nf6 11.Be2 Qd6 12.Bf3 Rb8 13.h4 Bd7 14.h5 h6 15.Ne4 Nxe4
16.Bxe4 Bc6 17.f3 Bxe4 18.fxe4 c5 19.d5 f5 20.Rhe1 f4 21.Qc3 e5 22.Rf1 Rf6
23.Rf3 Rbf8 24.Rdf1 b6 25.Qe1 R8f7 26.Qh4 c4 27.Qe1 b5 28.g3 b4 29.gxf4 Rxf4
30.Rxf4 exf4 31.Qe2 c3 32.Qc4 f3 33.Kb1 Qh2 34.a3 Qe2 35.b3 a5 36.a4 Rf6
37.Rc1 Kh7 38.Qd3 Kg8 39.Qc4 Rf4 40.d6+ Qxc4 41.bxc4 Kf7 42.c5 Rxe4 43.Rf1 Ke6
44.Rxf3 Rc4 45.Rd3 Kd7 46.Rd5 b3 47.cxb3 c2+ 48.Kc1 Rc3 49.Re5 Kc6 50.Re7 Rxc5
51.Rc7+ Kxd6 52.Rxc5 Kxc5 53.Kxc2 Kd4 54.Kb2 Kd5 55.Kc3  1-0

[Event "ch-Europe Women"]
[Site "Batumi GEO"]
[Date "2000.06.09"]
[Round "4.4"]
[White "Kovalevskaya,E"]
[Black "Chiburdanidze,M"]
[Result "1-0"]
[WhiteElo "2451"]
[BlackElo "2545"]

1.e4 c5 2.Nf3 d6 3.c3 Nf6 4.Be2 g6 5.O-O Bg7 6.Bb5+ Bd7 7.Bxd7+ Qxd7 8.Re1 O-O
9.d4 cxd4 10.cxd4 d5 11.e5 Ne4 12.Nc3 Nxc3 13.bxc3 Nc6 14.h4 b6 15.Ng5 Nd8
16.Qf3 Rc8 17.a4 f6 18.exf6 exf6 19.Nh3 g5 20.Ba3 Rf7 21.Qd3 h6 22.Re3 Ne6
23.Rae1 Rc6 24.Qg6 Nf8 25.Bxf8 Kxf8 26.hxg5 hxg5 27.Nxg5  1-0

[Event "10th It"]
[Site "Lippstadt GER"]
[Date "2000.07.06"]
[Round "1"]
[White "Schlosser,P"]
[Black "Chiburdanidze,M"]
[Result "1-0"]
[WhiteElo "2523"]
[BlackElo "2545"]

1.Nf3 Nf6 2.c4 e6 3.Nc3 d5 4.d4 Be7 5.Bf4 O-O 6.e3 c5 7.dxc5 Bxc5 8.cxd5 Nxd5
9.Nxd5 exd5 10.a3 Nc6 11.Bd3 Be7 12.O-O Bf6 13.Qb3 g6 14.Rac1 a6 15.Rfd1 Qe7
16.h3 Be6 17.Qb6 Rfd8 18.Bc2 Rac8 19.Ba4 Bf5 20.Bxc6 bxc6 21.b4 Bb2 22.Rxc6 Bxa3
23.Nd4 Bd7 24.Rd6 Be8 25.Ra1 Rb8 26.Rxg6+ hxg6 27.Bxb8 Bxb4 28.Rxa6 Bc5 29.Qc7 Rd7
30.Qf4 Qe4 31.Nf3 Qxf4 32.Bxf4 Ra7 33.Rf6 Ra2 34.Be5 Rc2 35.Ra6 Kf8 36.Bf6 Bb4
37.Ra8 Rc1+ 38.Kh2 Rc6 39.Ne5  1-0

[Event "10th It"]
[Site "Lippstadt GER"]
[Date "2000.07.08"]
[Round "3"]
[White "Chiburdanidze,M"]
[Black "Brenke,A"]
[Result "1-0"]
[WhiteElo "2545"]
[BlackElo "2357"]

1.d4 Nf6 2.c4 g6 3.g3 c5 4.d5 b5 5.cxb5 d6 6.Nc3 Bg7 7.Bg2 a6 8.bxa6 Bxa6
9.Nf3 Nbd7 10.O-O Nb6 11.Re1 O-O 12.h3 Qc7 13.Nh2 Rfb8 14.Qc2 Qa7 15.Rd1 Bc8
16.Nf1 Na4 17.Rd3 Nd7 18.Nd1 Nab6 19.Bg5 Ne5 20.Ra3 Ba6 21.Nfe3 Nec4 22.Nxc4 Nxc4
23.Rb3 Rxb3 24.axb3 Ne5 25.Qe4 h6 26.Bd2 Kf8 27.b4 cxb4 28.Bxb4 Qb8 29.Bc3 Bb7
30.Rxa8 Qxa8 31.f4 Qa1 32.fxe5 Qxd1+ 33.Kh2 Qb3 34.exd6 exd6 35.Bb4 Be5 36.Qxe5 Qxb4
37.Qh8+ Ke7 38.e4 h5 39.e5 dxe5 40.Qxe5+ Kd7 41.d6  1-0

[Event "10th It"]
[Site "Lippstadt GER"]
[Date "2000.07.09"]
[Round "4"]
[White "Wehmeier,S"]
[Black "Chiburdanidze,M"]
[Result "0-1"]
[WhiteElo "2390"]
[BlackElo "2545"]

1.e4 c5 2.Nc3 Nc6 3.Nf3 d6 4.d4 cxd4 5.Nxd4 Nf6 6.Bg5 e6 7.Qd2 a6 8.O-O-O Qb6
9.Nb3 Be7 10.f4 O-O 11.Be2 Rd8 12.Bf3 Qc7 13.g4 b5 14.Bxf6 Bxf6 15.g5 Be7
16.h4 Bd7 17.h5 Be8 18.g6 b4 19.gxh7+ Kh8 20.h6 g6 21.Ne2 a5 22.Nbd4 Nxd4
23.Qxd4+ e5 24.Qd3 Qc5 25.Kb1 exf4 26.Nxf4 Bf6 27.Qd5 Qxd5 28.Nxd5 Be5 29.Be2 Bc6
30.Bc4 Ra7 31.Rd2 Kxh7 32.Rf2 Rdd7 33.b3 Rdb7 34.Kc1 a4 35.Kd2 Bd4 36.Rf3 axb3
37.axb3 Bxd5 38.Bxd5 Rc7 39.Bc4 Be5 40.Rhf1 f6 41.Rh1 Rc5 42.Rf2 Bc3+ 43.Ke3 Rg5
44.Kf3 Ra2 45.Bd3 Raa5 46.Bc4 Rae5 47.Rfh2 Rc5 48.Rh3 Be5 49.Rd1 Ra5 50.Rd5 Rxd5
51.Bxd5 Rg1 52.Ke2 Rg2+ 53.Kd3 Bc3 54.Bf7 Rd2+ 55.Ke3 Rxc2 56.Bxg6+ Kxg6
57.h7 f5 58.exf5+ Kxf5 59.Rh5+ Ke6 60.h8=Q Bxh8 61.Rxh8 Kd5 62.Rh5+ Kc6 63.Kd4 Rc3
64.Ra5 Rxb3 65.Kc4 Rb1 66.Ra6+ Kc7 67.Ra7+ Kb6 68.Rh7 d5+ 69.Kxd5 Kb5 70.Rb7+ Ka4
71.Kc4 Rc1+ 72.Kd3 b3 73.Kd2 Rc2+ 74.Kd1 Ka3 75.Rb8 Rc4  0-1

[Event "10th It"]
[Site "Lippstadt GER"]
[Date "2000.07.10"]
[Round "5"]
[White "Chiburdanidze,M"]
[Black "Luther,T"]
[Result "1/2-1/2"]
[WhiteElo "2545"]
[BlackElo "2547"]

1.d4 e6 2.c4 Nf6 3.Nf3 c5 4.d5 exd5 5.cxd5 d6 6.Nc3 g6 7.g3 Bg7 8.Bg2 O-O
9.O-O a6 10.a4 Nbd7 11.h3 Rb8 12.Rb1 Re8 13.Nd2 Qc7 14.b3 Nh5 15.Bb2 b5 16.axb5 axb5
17.b4 cxb4 18.Na2 Nxg3 19.fxg3 Qa7+ 20.Kh1 Qxa2 21.Bxg7 Kxg7 22.Ne4 Rxe4
23.Bxe4 Ne5 24.Bg2 Bd7 25.Qd4 Qc4 26.Qf4 Qxf4 27.gxf4 Nc4 28.Rxb4 Ra8 29.Rc1  1/2-1/2

[Event "10th It"]
[Site "Lippstadt GER"]
[Date "2000.07.11"]
[Round "6"]
[White "McShane,L"]
[Black "Chiburdanidze,M"]
[Result "0-1"]
[WhiteElo "2480"]
[BlackElo "2545"]

1.e4 c5 2.Nf3 d6 3.Bc4 e6 4.d3 Nc6 5.c3 Nf6 6.Bb3 Be7 7.O-O O-O 8.Qe2 e5
9.Na3 h6 10.Nc2 Nh7 11.Bd5 Bg4 12.b4 cxb4 13.cxb4 Bg5 14.h3 Bxf3 15.Qxf3 Bxc1
16.Rfxc1 Qd7 17.Bxc6 bxc6 18.Ne3 Ng5 19.Qg4 Ne6 20.b5 cxb5 21.Nd5 Qd8 22.Rc6 Kh8
23.Rac1 a5 24.h4 b4 25.Nc7 Nxc7 26.Rxc7 a4 27.Rb7 Rb8 28.Ra7 Qe8 29.Qd1 b3
30.axb3 axb3 31.Rb1 Qb5 32.Ra3 b2 33.Ra2 Rb7 34.Raxb2 Qxb2 35.Rxb2 Rxb2 36.d4 Rfb8
37.Qd3 Ra2 38.dxe5 dxe5 39.Qc3 Rb1+ 40.Kh2 Rxf2 41.Qxe5 Rbb2 42.Kh1 Rxg2
43.Qe8+ Kh7 44.Qxf7 Rgf2  0-1

[Event "10th It"]
[Site "Lippstadt GER"]
[Date "2000.07.13"]
[Round "8"]
[White "Hracek,Z"]
[Black "Chiburdanidze,M"]
[Result "1/2-1/2"]
[WhiteElo "2612"]
[BlackElo "2545"]

1.e4 c5 2.Nf3 d6 3.d4 cxd4 4.Nxd4 Nf6 5.Nc3 Nc6 6.Bg5 e6 7.Qd2 a6 8.O-O-O Be7
9.f4 Nxd4 10.Qxd4 b5 11.Be2 Rb8 12.e5 dxe5 13.Qxe5 Qb6 14.Ne4 Nxe4 15.Qxe4 Bxg5
16.fxg5  1/2-1/2

[Event "10th It"]
[Site "Lippstadt GER"]
[Date "2000.07.14"]
[Round "9"]
[White "Chiburdanidze,M"]
[Black "Dautov,R"]
[Result "1/2-1/2"]
[WhiteElo "2545"]
[BlackElo "2606"]

1.d4 Nf6 2.c4 e6 3.Nf3 b6 4.e3 Bb7 5.Bd3 d5 6.O-O Bd6 7.b3 O-O 8.Bb2 Nbd7
9.Nc3 c5 10.cxd5 exd5 11.Qe2 a6 12.Rfd1 Qe7 13.Rac1 Ne4 14.dxc5 bxc5 15.Bxe4 dxe4
16.Qd2 exf3 17.Qxd6 Qg5 18.Qg3 Qxg3 19.hxg3 Rfd8 20.e4 fxg2 21.Nd5 Nf8 22.Ne7+ Kh8
23.Nf5 Ne6 24.f3 Kg8 25.Kxg2 a5 26.Nd6 Rd7 27.Ba3 Rad8 28.Nxb7 Rxd1 29.Nxd8 Rxd8
30.Rc2 g6 31.Kf2 a4 32.bxa4 Rd4 33.a5 Ra4 34.Bxc5 Nxc5 35.Rxc5 Rxa2+ 36.Ke3 Ra3+
37.Kf4 Kg7 38.g4 h6 39.e5 Ra4+ 40.Ke3 h5 41.gxh5 gxh5 42.Kf2 Kg6 43.Kg3 h4+
44.Kh3 Kf5 45.Rc7 Rxa5 46.Rxf7+ Ke6 47.Rf8 Rxe5 48.Kxh4 Rf5  1/2-1/2

[Event "10th It"]
[Site "Lippstadt GER"]
[Date "2000.07.15"]
[Round "10"]
[White "Mueller,Ka"]
[Black "Chiburdanidze,M"]
[Result "0-1"]
[WhiteElo "2513"]
[BlackElo "2545"]

1.d4 Nf6 2.Nf3 e6 3.Bg5 h6 4.Bh4 d6 5.Nc3 g5 6.Bg3 Nh5 7.e3 Nxg3 8.hxg3 Bg7
9.g4 Nd7 10.Bd3 c5 11.Qe2 d5 12.Bb5 Qc7 13.O-O-O a6 14.Bxd7+ Bxd7 15.e4 dxe4
16.Nxe4 cxd4 17.Nxd4 O-O 18.Kb1 Rfd8 19.Qf3 Qe5 20.c3 Ba4 21.Rd2 Rd5 22.Re2 Qf4
23.Qh3 Rad8 24.g3 Qe5 25.f4 Rxd4 26.cxd4 Qxd4 27.Nf2 Qb4 28.a3 Qc4 29.Rhe1 Rc8
30.Ka1 Bb3 31.Qh1 Qc5 32.Re5 Bxe5 33.fxe5 Qxf2 34.Rb1 Bd5 35.Qxh6 Qe3 36.Qf6 Qb3
37.Qxg5+ Kf8  0-1

[Event "10th It"]
[Site "Lippstadt GER"]
[Date "2000.07.16"]
[Round "11"]
[White "Chiburdanidze,M"]
[Black "Slobodjan,R"]
[Result "1-0"]
[WhiteElo "2545"]
[BlackElo "2539"]

1.d4 Nf6 2.c4 c5 3.d5 b5 4.cxb5 a6 5.b6 d6 6.Nc3 Nbd7 7.e4 g6 8.Nf3 Bg7 9.a4 Qxb6
10.a5 Qb8 11.h3 O-O 12.Bc4 Ne8 13.O-O Nc7 14.Qd3 Ra7 15.Bd2 Rb7 16.Na4 Nb5
17.Rab1 Nd4 18.Nxd4 Bxd4 19.Qe2 Qa7 20.b3 Rb8 21.Kh1 Kg7 22.f4 f6 23.Nb2 Qc7
24.Nd3 f5 25.exf5 Rxf5 26.Qxe7+ Rf7 27.Qe2 Nf6 28.Rbe1 Bb7 29.Qf3 Qd7 30.f5 Qxf5
31.Qxf5 gxf5 32.Rxf5 Re8 33.Ref1 Rfe7 34.Nf4 Ne4 35.Nh5+ Kg6 36.Bd3 Nxd2
37.Re5+  1-0

[Event "FIDE women's World Cup Gp C"]
[Site "Shenyang CHN"]
[Date "2000.08.01"]
[Round "1"]
[White "Cramling,P"]
[Black "Chiburdanidze,M"]
[Result "1-0"]
[WhiteElo "2484"]
[BlackElo "2545"]

1.d4 Nf6 2.c4 e6 3.Nc3 Bb4 4.Qc2 c5 5.dxc5 Na6 6.a3 Bxc3+ 7.Qxc3 Nxc5 8.b4 Nce4
9.Qb2 Nd6 10.c5 Nc4 11.Qc3 b5 12.e4 Bb7 13.Bxc4 bxc4 14.f3 d6 15.Be3 O-O
16.Ne2 dxc5 17.Bxc5 Re8 18.Rd1 Qc7 19.O-O Nd7 20.Qxc4 a5 21.Rc1 Ba6 22.Qc2 axb4
23.axb4 Nxc5 24.bxc5 Rec8 25.Rfd1 Bb5 26.Rd4 Ra5 27.Ng3 g6 28.Qd2 e5 29.Rd5 Bc6
30.Rd3 Bb5 31.Rd5 Bc6 32.Rd3 Bb5 33.Rdc3 Rd8 34.Qf2 Qa7 35.c6 Qxf2+ 36.Kxf2 Ra2+
37.R1c2 Rxc2+ 38.Rxc2 Kf8 39.Rc5 Ba4 40.Ne2 Rc8 41.c7 Ke7 42.Rxe5+ Kd6 43.Rd5+ Kxc7
44.Rc5+ Kd7 45.Rxc8 Kxc8 46.Nc3 Bb3 47.Ke3 Kd7 48.Kd4 Ke6 49.f4 h5 50.Nb5 Bc2
51.Nc7+ Kd6 52.Na6 Bb1 53.Nb4 Ke6 54.g3 Kd6 55.Nd5 Ke6 56.Nc3 Bc2 57.Kc5 Bd3
58.Kd4 Bc2 59.Na2 Bb1 60.Nc1 Kd6 61.Nd3 Ke6 62.Ne1 Kd6 63.Nf3 Ke6 64.Nd2 Bc2
65.Kc3 Bd1 66.Kd3 Kd6 67.Nc4+ Ke6 68.Ne3 Bb3 69.Kd4 Kf6 70.h3 Ba2 71.h4 Bb1
72.Nd5+ Ke6 73.f5+ gxf5 74.Nf4+ Kf6 75.e5+ Kg7 76.Nxh5+ Kg6 77.Nf4+ Kg7 78.Kd5 Ba2+
79.Kd6 Bb3 80.Ke7 Ba2 81.Nh5+ Kg6 82.Nf6 Kg7 83.Ne8+ Kg6 84.Nd6 Bb3 85.Nxf7 Kh5
86.Kf6 Kg4 87.e6 Ba4 88.Ne5+  1-0